Statystyki dla Partie polityczne w szwajcarii

Kliknij tutaj aby rozwiązać quiz!

Ogólne statystyki

  • Ten quiz został rozwiązany 6 razy
  • Średni wynik to 4 z 12

Statystyki odpowiedzi

Miejsca w radzie narodowej/rok zalozeniaPartia% Poprawnych
53/1971Schweizerische Volkspartei
100%
39/1888Sozialdemokratische Partei der Schweiz
83%
29/2009FDP. Die liberalen
67%
25/1912Christlichdemokratische Volkspartei
50%
3/1919Evangelische Volkspartei
33%
1/1944Partei der Arbeit der Schweiz
33%
28/1983Grüne Partei der Schweiz
17%
16/2007Grünliberale Partei
17%
1/1992solidaritéS
17%
3/2008Bürgerlich-demokratische Partei der schweiz
0%
1/1975Eidgenössisch-Demokratische Partei der Schweiz
0%
1/1991Lega dei Ticinesi
0%

Rozkład punktacji

Percentyl według liczby udzielonych odpowiedzi

Procent ludzi z każdym wynikiem

Twoja historia wyników

Nie rozwiązałeś tego quizu